000 00330nam a2200133Ia 4500
005 20260328101459.0
008 260328s9999||||xx |||||||||||||| ||und||
100 _aPorter, Tom
245 0 _aHow Architects Visualize /
_cTom Porter
260 _bStudio Vista
300 _a120 p.
650 _aARQUITECTURA - ELEMENTOS
942 _cBK
999 _c8919
_d8919